Commercial property invesment : a study in Alor Setar

Bibliographic Details
Main Author: Mani Usilappan
Format: Book
Published: 1982
Subjects:

MARC

LEADER 00000cam a2200000 7i4500
001 0000016737
005 20060622.0
040 |a INS 
090 0 0 |a KK277 
100 1 |a Mani Usilappan 
245 1 0 |a Commercial property invesment :   |b a study in Alor Setar   |c Mani Usilappan 
260 |a 1982 
300 |a 32 p ;   |c 29 cm. 
650 0 0 |a Commencial real estate 
650 0 0 |a Real estate investment 
999 |a KK00000659   |b BOOK   |c Open Shelf   |e Default branch 
999 |a KK00000660   |b BOOK   |c Microfiche   |e Default branch 
999 |a KK00000661   |b BOOK   |c Open Shelf   |e Default branch